000 00836nam a2200265 a 4500
001 1568105
003 ARRUPE
005 20211019101927.0
008 920527s1989 fr b 000 0 fre
010 _a 92165914
020 _a2738100562 :
_c180F
040 _aDLC
_cDLC
050 0 0 _aBD162
_b.E75 1989
082 0 0 _a121
_220
245 0 0 _aEpistémologie /
_csous la direction de Pierre Jacob.
260 _aParis :
_bEditions O. Jacob,
_cc1989.
300 _a335 p ;
_c24 cm
440 2 _aL'Age de la science ;
_v2
_950561
504 _aIncludes bibliographical references.
650 0 _aKnowledge, Theory of.
700 1 _aJacob, Pierre,
_d1949-
_914652
906 _a7
_bcbc
_corignew
_d3
_encip
_f19
_gy-gencatlg
942 _2lcc
_cMONOGRAPH
999 _c130927
_d130927